logo

Bir Sreshtho Munshi Abdur Rouf Library
Jhenaidah Cadet College

As a Man Thinketh / (Record no. 2051)

MARC details
000 -LEADER
fixed length control field 00568nam a2200229 a 4500
001 - CONTROL NUMBER
JCCL Control Number 2051
003 - CONTROL NUMBER IDENTIFIER
JCCL marc code BD-JhCC
005 - DATE AND TIME OF LATEST TRANSACTION
control field 20181112134017.0
008 - FIXED-LENGTH DATA ELEMENTS--GENERAL INFORMATION
fixed length control field 171029s2007 n |||| || | 000 0 eng d
020 ## - INTERNATIONAL STANDARD BOOK NUMBER
International Standard Book Number 9780486452838
035 ## - SYSTEM CONTROL NUMBER
system control number (BD-JhCC)2051
040 ## - CATALOGING SOURCE
Original cataloging agency BD-JhCC
Modifying agency BD-JhCC
041 ## - LANGUAGE CODE
Language code of Book eng
082 ## - DEWEY DECIMAL CLASSIFICATION NUMBER
Classification number 289.98
Author mark and Year ALL 2007
100 ## - MAIN ENTRY--PERSONAL NAME
Personal name Allen, James
245 ## - TITLE STATEMENT
Title As a Man Thinketh /
Statement of responsibility, etc James Allen,
260 ## - PUBLICATION, DISTRIBUTION, ETC. (IMPRINT)
Place of publication, distribution, etc New York :
Name of publisher, distributor, etc Dover Publications, Inc.
Date of publication, distribution, etc 2007
300 ## - PHYSICAL DESCRIPTION
Pagination 93 p. :
Dimensions 22 cm.
650 ## - SUBJECT ADDED ENTRY--TOPICAL TERM
Topical term or geographic name as entry element New Thought
942 ## - ADDED ENTRY ELEMENTS (KOHA)
Source of classification or shelving scheme Dewey Decimal Classification
Koha item type Books
Koha issues (borrowed), all copies 2
Holdings
Source of classification or shelving scheme Damaged status Not for loan Home library Current library Shelving location Cost, normal purchase price Total Checkouts Full call number Barcode Date last seen Date checked out Copy number Koha item type
Dewey Decimal Classification     JCC Rouf Library JCC Rouf Library General Stacks 3.95 1 289.98 ALL 2007 2630 11/15/2018 11/11/2018 C-1 Books

JCC Library | Contacts | JCC Home

Last Update on 23 September 2017
Copyright @ 2017-2020 JCC Rouf Library
Rouf Library, Jhenidah Cadet College (JCC), Bangladesh